[Event "I Weekend A"]
[Site "Biella ITA"]
[Date "2010.09.24"]
[Round "1"]
[White "Caprioglio, Riccardo"]
[Black "Bazzeato, Stefano"]
[Result "1/2-1/2"]
[WhiteElo "1560"]
[BlackElo "2052"]
[PlyCount "146"]
[EventDate "2010.09.24"]

1. e4 Nf6 2. d3 e5 3. Nf3 d5 4. exd5 Qxd5 5. Nc3 Bb4 6. Bd2 Bxc3 7. Bxc3 Nc6 8.
Be2 O-O 9. O-O Re8 10. Nd2 Nd4 11. Bf3 Qd8 12. Nb3 Nxf3+ 13. Qxf3 Nd5 14. Rfe1
Nxc3 15. bxc3 c6 16. Rad1 Qg5 17. d4 Bf5 18. Rxe5 Rxe5 19. dxe5 Bxc2 20. Rd7
Rf8 21. h3 Qxe5 22. Rxb7 a5 23. Nd4 Qe1+ 24. Kh2 Be4 25. Re7 Bxf3 26. Rxe1 Bd5
27. a3 g6 28. Re7 c5 29. Re5 Rd8 30. Nb5 Rd7 31. Kg3 Kf8 32. Nc7 Rxc7 33. Rxd5
Ke7 34. Kf4 Ke6 35. c4 f6 36. h4 h6 37. f3 g5+ 38. hxg5 hxg5+ 39. Ke4 Rc6 40.
g3 Rc8 41. f4 gxf4 42. gxf4 Rc7 43. Rh5 Rc8 44. f5+ Kd6 45. Rh7 Re8+ 46. Kf4
Re1 47. Ra7 Rc1 48. Ra6+ Ke7 49. Ke4 Re1+ 50. Kd5 Re5+ 51. Kc6 Rxf5 52. Rxa5
Ke6 53. Rb5 Rf3 54. a4 Ra3 55. a5 f5 56. Kb7 Ke5 57. Kb6 Kd4 58. Rxc5 f4 59.
Rf5 Rb3+ 60. Ka7 Kxc4 61. Rxf4+ Kc5 62. Rf6 Ra3 63. a6 Rb3 64. Ka8 Rb2 65. a7
Rb1 66. Rf7 Kc6 67. Rf8 Kc7 68. Rb8 Rh1 69. Rb7+ Kc6 70. Rb2 Rh8+ 71. Rb8 Rh1
72. Rc8+ Kd6 73. Rc3 Rb1 1/2-1/2

[Event "I Weekend A"]
[Site "Biella ITA"]
[Date "2010.09.24"]
[Round "1"]
[White "Carraria Martinotti, Ludovico"]
[Black "Moratto, Davide"]
[Result "1/2-1/2"]
[WhiteElo "1440"]
[BlackElo "1854"]
[PlyCount "96"]
[EventDate "2010.09.24"]

1. e4 b6 2. d4 Bb7 3. Nc3 e6 4. Bd3 Bb4 5. Nge2 Ne7 6. O-O O-O 7. a3 Bxc3 8.
Nxc3 f5 9. exf5 Nxf5 10. Be3 Qh4 11. Qd2 Bxg2 12. Kxg2 Qg4+ 13. Kh1 Qf3+ 14.
Kg1 Nh4 15. Be4 Qg4+ 16. Kh1 d5 17. Rg1 Qh5 18. Rg5 Qf7 19. Bg2 Nd7 20. Rg3 Nf6
21. Bg5 Nf5 22. Rf3 Qh5 23. Bxf6 Rxf6 24. Rh3 Qg4 25. f3 Qxd4 26. Qxd4 Nxd4 27.
Rc1 c5 28. Kg1 Raf8 29. Kf2 a5 30. a4 Rf4 31. b3 g5 32. Ne2 Nxe2 33. Kxe2 c4
34. Rg3 h6 35. Bh3 Kg7 36. Re1 cxb3 37. cxb3 Rb4 38. Rb1 d4 39. Kd2 Kf6 40. Bf1
Rc8 41. Rg1 Rc3 42. Bc4 e5 43. Rgf1 Kf5 44. h3 Kf4 45. Rbd1 Kf5 46. Rc1 Re3 47.
Bd5 b5 48. axb5 Rxb5 1/2-1/2

[Event "I Weekend A"]
[Site "Biella ITA"]
[Date "2010.09.24"]
[Round "1"]
[White "Cerutti, Fabio Maria"]
[Black "Miracola, Massimiliano"]
[Result "0-1"]
[WhiteElo "1404"]
[BlackElo "1845"]
[PlyCount "108"]
[EventDate "2010.09.24"]

1. e4 c5 2. Nc3 d6 3. g3 g6 4. Bg2 Bg7 5. d3 Nc6 6. Be3 e6 7. Qd2 Rb8 8. Nge2
Nd4 9. f4 Ne7 10. O-O b5 11. Rae1 b4 12. Nd1 O-O 13. e5 dxe5 14. fxe5 Bxe5 15.
Bf4 Nxe2+ 16. Rxe2 Bd4+ 17. Kh1 Rb6 18. Bh6 Bg7 19. Ref2 Bb7 20. g4 Bxg2+ 21.
Kxg2 Nd5 22. Ne3 Nxe3+ 23. Qxe3 Qd4 24. Qxd4 cxd4 25. Bg5 f5 26. Be7 Rc8 27. h3
a5 28. Re1 Kf7 29. Bg5 Rbc6 30. Ree2 Bf6 31. Bxf6 Kxf6 32. h4 h6 33. Kg3 e5 34.
Kg2 a4 35. b3 axb3 36. axb3 f4 37. Kf3 h5 38. gxh5 gxh5 39. Ke4 Rg8 40. Rh2 Ke6
41. Reg2 Rcc8 42. Rg5 Rxg5 43. hxg5 Rf8 44. Rxh5 f3 45. Rh6+ Ke7 46. Rh7+ Kd6
47. Rh6+ Kc5 48. Re6 f2 49. Rxe5+ Kc6 50. Re6+ Kd7 51. Rf6 Rxf6 52. gxf6 f1=Q
53. Kxd4 Qxf6+ 54. Kc4 Qc3+ 0-1

[Event "I Weekend A"]
[Site "Biella ITA"]
[Date "2010.09.24"]
[Round "1"]
[White "Crepaldi, Marco"]
[Black "Montilli, Vincenzo"]
[Result "1-0"]
[WhiteElo "1917"]
[BlackElo "1503"]
[PlyCount "85"]
[EventDate "2010.09.24"]

1. e4 c5 2. Nf3 d6 3. d4 cxd4 4. Nxd4 Nf6 5. Nc3 g6 6. Be2 Bg7 7. Be3 O-O 8.
O-O Nc6 9. Qd2 Bd7 10. f3 Nxd4 11. Bxd4 Bc6 12. Rad1 a6 13. Nd5 Bxd5 14. exd5
b5 15. c4 bxc4 16. Bxc4 Nd7 17. Bxg7 Kxg7 18. Qd4+ Kg8 19. Rfe1 Ne5 20. b3 a5
21. Bb5 Rb8 22. a4 f5 23. f4 Ng4 24. b4 axb4 25. Qxb4 Qb6+ 26. Qd4 Qxd4+ 27.
Rxd4 Rf7 28. Bc6 Rb6 29. a5 Ra6 30. Ra4 Nf6 31. Rb1 Ne4 32. Rb6 Nc5 33. Rxa6
Nxa6 34. Bb7 Nc5 35. Rb4 e5 36. a6 Nxa6 37. Bxa6 e4 38. Rb8+ Rf8 39. Rxf8+ Kxf8
40. h3 h6 41. g4 g5 42. fxg5 f4 43. gxh6 1-0

[Event "I Weekend A"]
[Site "Biella ITA"]
[Date "2010.09.24"]
[Round "1"]
[White "De Francisci, Luigi"]
[Black "Isoardi, Luigi"]
[Result "1-0"]
[WhiteElo "1898"]
[BlackElo "1464"]
[PlyCount "54"]
[EventDate "2010.09.24"]

1. d4 d5 2. e4 e6 3. Nc3 Nf6 4. e5 Nfd7 5. f4 Be7 6. Nf3 O-O 7. Bd3 h6 8. O-O
c5 9. Qe1 Nc6 10. Qg3 Nxd4 11. Nxd4 cxd4 12. Ne2 Kh8 13. Kh1 Qb6 14. f5 Rg8 15.
fxe6 Qxe6 16. Nf4 Qxe5 17. Ng6+ fxg6 18. Qxg6 Nf6 19. Rxf6 Qe1+ 20. Rf1 Bf5 21.
Qxf5 g6 22. Rxe1 gxf5 23. Rxe7 Raf8 24. Bxh6 Re8 25. Rae1 Rxe7 26. Rxe7 Rg4 27.
Bxf5 b5 1-0

[Event "I Weekend A"]
[Site "Biella ITA"]
[Date "2010.09.24"]
[Round "1"]
[White "Finocchiaro, Gianluca"]
[Black "Giovarruscio, Gabriele"]
[Result "1/2-1/2"]
[WhiteElo "2121"]
[BlackElo "1669"]
[PlyCount "52"]
[EventDate "2010.09.24"]

1. d4 Nf6 2. Nf3 e6 3. c4 b6 4. g3 Bb7 5. Bg2 Bb4+ 6. Bd2 Qe7 7. O-O Bxd2 8.
Nbxd2 O-O 9. Qc2 d6 10. e4 Nbd7 11. e5 dxe5 12. dxe5 Ng4 13. Rfe1 a5 14. Rad1
Nc5 15. a3 Rfd8 16. h3 Nxf2 17. Kxf2 Nd3+ 18. Kf1 Nxe1 19. Rxe1 Rd7 20. Ne4
Bxe4 21. Qxe4 Rad8 22. Qg4 Qc5 23. Ng5 h6 24. Ne4 Qxc4+ 25. Kg1 Qd4+ 26. Kh2
Qxe5 1/2-1/2

[Event "I Weekend A"]
[Site "Biella ITA"]
[Date "2010.09.24"]
[Round "1"]
[White "Forno, Diego"]
[Black "Aghayev, Miragha"]
[Result "0-1"]
[WhiteElo "1621"]
[BlackElo "2101"]
[PlyCount "58"]
[EventDate "2010.09.24"]

1. e4 c5 2. Nf3 d6 3. d4 cxd4 4. Nxd4 Nf6 5. Nc3 a6 6. Bg5 e6 7. f4 Qb6 8. Nb3
Nbd7 9. Qf3 Be7 10. O-O-O Qc7 11. g4 b5 12. Bg2 Bb7 13. a3 Nc5 14. Nxc5 Qxc5
15. Qe2 b4 16. axb4 Qxb4 17. e5 dxe5 18. fxe5 Nd5 19. Nxd5 Bxg5+ 20. Kb1 exd5
21. e6 O-O 22. c3 Qb3 23. exf7+ Rxf7 24. Qe6 Bf6 25. Rdf1 Raf8 26. Ka1 Qa4+ 27.
Kb1 Qc6 28. Qe2 Qb5 29. Qd2 Bxc3 0-1

[Event "I Weekend A"]
[Site "Biella ITA"]
[Date "2010.09.24"]
[Round "1"]
[White "Gemelli, Giovanni"]
[Black "Lucchese, Paolo"]
[Result "1/2-1/2"]
[WhiteElo "1500"]
[BlackElo "1917"]
[PlyCount "45"]
[EventDate "2010.09.24"]

1. e4 c5 2. Nf3 Nc6 3. d4 cxd4 4. Nxd4 g6 5. Nc3 Bg7 6. Be3 Nf6 7. Bc4 O-O 8.
O-O Ng4 9. Qxg4 Nxd4 10. Qd1 Nc6 11. Qd2 Ne5 12. Be2 Re8 13. Bh6 Bh8 14. Kh1 d6
15. f4 Nc6 16. f5 Ne5 17. Nd5 Bd7 18. g4 Rc8 19. c3 a6 20. Be3 Bb5 21. Bxb5
axb5 22. g5 Nc4 23. Qf2 1/2-1/2

[Event "I Weekend A"]
[Site "Biella ITA"]
[Date "2010.09.24"]
[Round "1"]
[White "Gerosa, Davide"]
[Black "Rocchi, Enrico"]
[Result "0-1"]
[WhiteElo "1542"]
[BlackElo "1966"]
[PlyCount "56"]
[EventDate "2010.09.24"]

1. e4 e5 2. Nf3 Nc6 3. Bb5 Nf6 4. Bxc6 dxc6 5. O-O Bd6 6. Re1 Bg4 7. h3 Bh5 8.
d4 Nd7 9. Qd3 O-O 10. c3 c5 11. Ng5 cxd4 12. cxd4 exd4 13. e5 Bg6 14. Qxd4 Nxe5
15. Qd5 Nd3 16. Nc3 Nxe1 17. Nge4 Nc2 18. Rb1 Bxe4 19. Qxe4 Re8 20. Qxe8+ Qxe8
21. Bg5 Qe5 22. g3 Qxg5 23. h4 Qg4 24. Rc1 Bxg3 25. Rxc2 Bxf2+ 26. Kf1 Qg1+ 27.
Ke2 Re8+ 28. Kf3 Qg3# 0-1

[Event "I Weekend A"]
[Site "Biella ITA"]
[Date "2010.09.24"]
[Round "1"]
[White "Giachino, Adriano"]
[Black "Gallucci, Alessio"]
[Result "0-1"]
[WhiteElo "1711"]
[BlackElo "2144"]
[PlyCount "54"]
[EventDate "2010.09.24"]

1. e4 c5 2. Nf3 Nc6 3. d4 cxd4 4. Nxd4 g6 5. Be3 Bg7 6. Nc3 Nf6 7. Be2 O-O 8.
Qd2 d5 9. f3 Nxd4 10. Bxd4 dxe4 11. O-O-O exf3 12. Bxf3 Qa5 13. Kb1 Rd8 14.
Rhe1 Be6 15. Qe3 Rac8 16. a3 b5 17. Bxa7 Rxd1+ 18. Rxd1 Ng4 19. Bxg4 Bxg4 20.
Bb6 Qa8 21. Rd2 Bxc3 22. bxc3 Qxa3 23. Rd8+ Rxd8 24. Bxd8 Be6 25. Qg5 Ba2+ 26.
Ka1 Bb3+ 27. Kb1 Qa2+ 0-1

[Event "I Weekend A"]
[Site "Biella ITA"]
[Date "2010.09.24"]
[Round "1"]
[White "Guidi, Giacomo G."]
[Black "Guderzo, Mirella"]
[Result "1-0"]
[WhiteElo "1942"]
[BlackElo "1512"]
[PlyCount "87"]
[EventDate "2010.09.24"]

1. Nf3 d5 2. g3 e6 3. Bg2 Nf6 4. O-O Be7 5. d3 Bd7 6. Nbd2 O-O 7. e4 dxe4 8.
dxe4 Bc6 9. Qe2 h6 10. Re1 Qe8 11. a3 a5 12. Ne5 Nh7 13. f4 f6 14. Nxc6 Nxc6
15. Qc4 Qc8 16. Nf3 Nd8 17. Nh4 c6 18. Be3 b5 19. Qb3 a4 20. Qc3 Re8 21. Rad1
Nf8 22. Bf3 Nb7 23. e5 c5 24. Qd3 c4 25. Qe4 Rb8 26. Bh5 f5 27. Qg2 Rd8 28. Ng6
Nxg6 29. Bxg6 Rxd1 30. Rxd1 Bc5 31. Qd2 Bxe3+ 32. Qxe3 Qc7 33. Rd4 Qc5 34. Kf2
Kf8 35. Rd7 Qc8 36. Qd4 Nc5 37. Rf7+ Kg8 38. Re7 Rb7 39. Re8+ Qxe8 40. Bxe8
Ne4+ 41. Ke3 b4 42. Qd8 Kh7 43. axb4 Rxb4 44. Bf7 1-0

[Event "I Weekend A"]
[Site "Biella ITA"]
[Date "2010.09.24"]
[Round "1"]
[White "Marinone, Lucio"]
[Black "Briata, Federico"]
[Result "1-0"]
[WhiteElo "1997"]
[BlackElo "1542"]
[PlyCount "51"]
[EventDate "2010.09.24"]

1. d4 d5 2. Nf3 Nf6 3. c4 c6 4. Nc3 e6 5. Bg5 h6 6. Bh4 Nbd7 7. e3 Be7 8. Rc1
O-O 9. Bd3 dxc4 10. Bxc4 b5 11. Bd3 Bb7 12. O-O a6 13. Qe2 Rc8 14. Rfd1 Nb6 15.
e4 Re8 16. Bb1 Nh7 17. Bxe7 Qxe7 18. e5 Ng5 19. Nxg5 Qxg5 20. Ne4 Qe7 21. Qc2
Red8 22. Nf6+ Kf8 23. Qh7 Qb4 24. Bg6 Qxb2 25. Qg8+ Ke7 26. Qxf7# 1-0

[Event "I Weekend A"]
[Site "Biella ITA"]
[Date "2010.09.24"]
[Round "1"]
[White "Melling, Jonathon"]
[Black "Solinas, Giuseppe"]
[Result "1-0"]
[WhiteElo "1905"]
[BlackElo "1491"]
[PlyCount "55"]
[EventDate "2010.09.24"]

1. d4 d5 2. c4 c6 3. Nc3 Nf6 4. Nf3 Bg4 5. Qc2 e6 6. Bg5 Be7 7. e3 Nbd7 8. Bf4
O-O 9. c5 Nh5 10. Bg3 f5 11. Bd3 Ndf6 12. Ne5 Nxg3 13. hxg3 Bh5 14. f3 Bg6 15.
Ne2 Nd7 16. Nxg6 hxg6 17. Nf4 Kf7 18. O-O-O b6 19. g4 bxc5 20. gxf5 gxf5 21.
Bxf5 exf5 22. Qxf5+ Kg8 23. Qh7+ Kf7 24. Qg6+ Kg8 25. Ne6 Bf6 26. Nxd8 Raxd8
27. Rh2 Rf7 28. Rdh1 1-0

[Event "I Weekend A"]
[Site "Biella ITA"]
[Date "2010.09.24"]
[Round "1"]
[White "Monticone, Sonia"]
[Black "Giordani, Pierino"]
[Result "1-0"]
[WhiteElo "1827"]
[BlackElo "1365"]
[PlyCount "69"]
[EventDate "2010.09.24"]

1. c4 Nf6 2. Nc3 e5 3. g3 Nc6 4. Bg2 d6 5. e3 Be7 6. Nge2 O-O 7. O-O Bg4 8. d3
Qd7 9. b3 Bh3 10. Bb2 Bxg2 11. Kxg2 Rad8 12. d4 e4 13. Nf4 Nb4 14. d5 c6 15. a3
Na6 16. b4 Rfe8 17. Rc1 Ng4 18. Nxe4 Qf5 19. Qd4 Bf6 20. Nxf6+ Nxf6 21. dxc6
bxc6 22. Kg1 c5 23. Qd3 Qxd3 24. Nxd3 cxb4 25. Bxf6 gxf6 26. axb4 f5 27. Ra1
Nc7 28. Rxa7 Ne6 29. Rfa1 Ng5 30. R1a5 Nf3+ 31. Kg2 Ne5 32. Nxe5 dxe5 33. b5
Rb8 34. c5 Kg7 35. b6 1-0

[Event "I Weekend A"]
[Site "Biella ITA"]
[Date "2010.09.24"]
[Round "1"]
[White "Monzeglio, Graziella"]
[Black "Zannoni, Gianni"]
[Result "0-1"]
[WhiteElo "1218"]
[BlackElo "1812"]
[PlyCount "40"]
[EventDate "2010.09.24"]

1. d4 Nf6 2. Nf3 e6 3. e3 d5 4. Bd3 c6 5. O-O Bd6 6. Nbd2 O-O 7. c3 Re8 8. e4
dxe4 9. Nxe4 Nxe4 10. Bxe4 Nd7 11. Ng5 Nf6 12. Re1 h6 13. Nf3 Qc7 14. h3 b6 15.
b4 Bb7 16. Qd3 Rad8 17. a3 e5 18. Be3 Nxe4 19. Qxe4 exd4 20. Qxd4 Bh2+ 0-1

[Event "I Weekend A"]
[Site "Biella ITA"]
[Date "2010.09.24"]
[Round "1"]
[White "Pagani, Luca"]
[Black "Forno, Roberto"]
[Result "0-1"]
[WhiteElo "1506"]
[BlackElo "1931"]
[PlyCount "56"]
[EventDate "2010.09.24"]

1. e4 c5 2. Nc3 Nc6 3. f4 e6 4. Nf3 d5 5. e5 Nh6 6. Bb5 Nf5 7. d3 Be7 8. a4 O-O
9. Bxc6 bxc6 10. O-O Rb8 11. b3 a5 12. g4 Nd4 13. Ba3 f6 14. Nxd4 cxd4 15. Bxe7
Qxe7 16. Ne2 c5 17. Kg2 Bb7 18. Qd2 fxe5 19. fxe5 Qh4 20. h3 h5 21. Qe1 Qg5 22.
Ng3 Rxf1 23. Nxf1 hxg4 24. Qg3 gxh3+ 25. Kxh3 Qh5+ 26. Kg2 Rf8 27. Re1 Rf5 28.
Qh2 Qf3+ 0-1

[Event "I Weekend A"]
[Site "Biella ITA"]
[Date "2010.09.24"]
[Round "1"]
[White "Penna, Tommaso"]
[Black "Ubezio, Marco"]
[Result "0-1"]
[WhiteElo "1705"]
[BlackElo "2137"]
[PlyCount "105"]
[EventDate "2010.09.24"]

1. d4 c5 2. d5 Nf6 3. c4 d6 4. Nc3 g6 5. e4 Bg7 6. Nf3 O-O 7. Be2 e6 8. O-O Re8
9. Qc2 Na6 10. a3 Nc7 11. Bg5 h6 12. Bxf6 Bxf6 13. Rfe1 exd5 14. cxd5 a6 15. a4
Bg4 16. Nd2 Bxe2 17. Rxe2 b5 18. axb5 axb5 19. Rae1 b4 20. Na4 Nb5 21. Nf3 Nd4
22. Nxd4 Bxd4 23. b3 Ra7 24. Kh1 Qf6 25. Qd3 Rae7 26. Nb6 Kg7 27. Nc4 Bc3 28.
Rf1 g5 29. f3 Bd4 30. Rfe1 Qg6 31. Na5 Bc3 32. Rf1 Ra7 33. Nc6 Ra3 34. Qc4 Rea8
35. g3 Ra1 36. Rxa1 Rxa1+ 37. Kg2 Qf6 38. Rf2 Rd1 39. Qe2 Re1 40. Qd3 Bd4 41.
Rf1 Re3 42. Qc2 Rc3 43. Qd1 h5 44. f4 g4 45. e5 Qf5 46. Nxd4 Qe4+ 47. Kg1 cxd4
48. e6 fxe6 49. dxe6 Qe3+ 50. Kh1 Rd3 51. Qc2 Rd2 52. Qc7+ Kh6 53. Qxd6 0-1

[Event "I Weekend A"]
[Site "Biella ITA"]
[Date "2010.09.24"]
[Round "1"]
[White "Rambaldi, Francesco"]
[Black "Bosticardo, Tommaso"]
[Result "1-0"]
[WhiteElo "2015"]
[BlackElo "1558"]
[PlyCount "49"]
[EventDate "2010.09.24"]

1. e4 e5 2. Nf3 Nc6 3. Bb5 Nf6 4. Qe2 Bc5 5. c3 Qe7 6. O-O O-O 7. Rd1 d6 8. h3
a6 9. Ba4 b5 10. Bc2 Bb7 11. d3 Rfe8 12. Nbd2 d5 13. exd5 Nxd5 14. Ne4 Nf4 15.
Bxf4 exf4 16. Qd2 Bd6 17. Re1 Qd7 18. d4 Rad8 19. Qd3 f5 20. Nxd6 Qxd6 21. Qxf5
g6 22. Bb3+ Kh8 23. Qf7 Rf8 24. Ng5 Rd7 25. Re8 1-0

[Event "I Weekend A"]
[Site "Biella ITA"]
[Date "2010.09.24"]
[Round "1"]
[White "Raselli, Claudio"]
[Black "Giordanetti, Giuseppe"]
[Result "1/2-1/2"]
[WhiteElo "1961"]
[BlackElo "1523"]
[PlyCount "120"]
[EventDate "2010.09.24"]

1. d4 Nf6 2. c4 e6 3. Nc3 Bb4 4. Qc2 c5 5. dxc5 Nc6 6. Nf3 Bxc5 7. a3 Be7 8.
Bg5 h6 9. Bh4 b6 10. e3 Bb7 11. Be2 Rc8 12. Rd1 a6 13. O-O Qc7 14. Bg3 d6 15.
b4 Nh5 16. Ne4 Nxg3 17. Nxg3 O-O 18. Nh5 Ne5 19. Nxe5 dxe5 20. Qa4 Rfd8 21.
Rxd8+ Rxd8 22. Rd1 Rxd1+ 23. Qxd1 g6 24. Ng3 e4 25. Qd4 e5 26. Qd2 a5 27. h3
axb4 28. axb4 Qd6 29. Qxd6 Bxd6 30. b5 f5 31. Bd1 Kg7 32. Bc2 Kf6 33. Ne2 g5
34. Nc3 Ke6 35. Na4 Bc5 36. Nxc5+ bxc5 37. Bd1 Kf6 38. Bh5 Ke7 39. Kf1 f4 40.
Ke2 Bc8 41. Bg6 Bb7 42. Kd2 Kd6 43. Kc3 Kc7 44. Kb3 Kb6 45. Ka4 Ba8 46. Bf7 Bb7
47. Bd5 Bxd5 48. cxd5 c4 49. Kb4 c3 50. Kxc3 Kxb5 51. exf4 gxf4 52. g4 Kc5 53.
h4 Kxd5 54. Kd2 Ke6 55. Kc3 Kf6 56. Kd2 Kg6 57. Ke2 h5 58. g5 Kf5 59. Kd2 Kg6
60. Ke2 Kf5 1/2-1/2

[Event "I Weekend A"]
[Site "Biella ITA"]
[Date "2010.09.24"]
[Round "1"]
[White "Siclari, Alberto"]
[Black "Di Chiara, Mauro"]
[Result "1/2-1/2"]
[WhiteElo "1521"]
[BlackElo "1949"]
[PlyCount "104"]
[EventDate "2010.09.24"]

1. f4 d5 2. Nf3 g6 3. g3 Bg7 4. Bg2 Nf6 5. d3 O-O 6. O-O c5 7. Nc3 Nc6 8. Nh4
d4 9. Ne4 Nxe4 10. dxe4 b6 11. a3 Bb7 12. f5 Ne5 13. b3 Ng4 14. Rb1 d3 15. Qxd3
Qxd3 16. exd3 Bd4+ 17. Kh1 Nf2+ 18. Rxf2 Bxf2 19. Bh6 Rfd8 20. Rf1 Bd4 21. fxg6
hxg6 22. Nf3 Bg7 23. Bd2 Rac8 24. Ng5 Bf6 25. h4 Rd6 26. Kh2 Bxg5 27. Bxg5 f6
28. Bf4 e5 29. Be3 Rcd8 30. Bh3 Bc8 31. g4 Kg7 32. Kg3 Rf8 33. Rf3 f5 34. exf5
gxf5 35. gxf5 Bb7 36. Rf2 Kf7 37. Bg5 Rg8 38. Bg4 b5 39. Bh5+ Kf8 40. Kh2 Rd4
41. Bg6 Rh8 42. h5 Rg4 43. Bf6 Rxg6 44. Bxh8 Rh6 45. Bxe5 Rxh5+ 46. Kg3 Rh6 47.
Kg4 Bd5 48. Kg5 Rc6 49. f6 c4 50. b4 cxd3 51. cxd3 Rc8 52. Bd6+ Kf7 1/2-1/2

[Event "I Weekend A"]
[Site "Biella ITA"]
[Date "2010.09.24"]
[Round "1"]
[White "Stefanini, Niccolo'"]
[Black "Burani, Eugenio"]
[Result "1/2-1/2"]
[WhiteElo "1488"]
[BlackElo "1899"]
[PlyCount "83"]
[EventDate "2010.09.24"]

1. e4 c5 2. Nf3 Nc6 3. Bb5 Qc7 4. O-O d6 5. Re1 Bd7 6. c3 g6 7. d4 cxd4 8. cxd4
Bg7 9. Be3 a6 10. Bc4 Nf6 11. Nc3 O-O 12. Rc1 Qa5 13. h3 b5 14. Bb3 Rac8 15.
Qd2 e6 16. e5 b4 17. exf6 bxc3 18. Qxc3 Bxf6 19. Qxa5 Nxa5 20. Bc2 Nc4 21. Bf4
Nxb2 22. Bxd6 Rfd8 23. Bb3 Bc6 24. Be5 Be7 25. Re3 Ba4 26. Rec3 Rxc3 27. Rxc3
Bxb3 28. Rxb3 Nc4 29. Bf4 Bf6 30. Bh6 a5 31. Rb7 Nd6 32. Ra7 Nf5 33. Bg5 Bxg5
34. Nxg5 Nh6 35. Nf3 Rd5 36. Kf1 Nf5 37. Ke2 Kg7 38. g4 Nd6 39. Kd3 h6 40. Rd7
Kf8 41. Ra7 Kg8 42. a3 1/2-1/2

[Event "I Weekend A"]
[Site "Biella ITA"]
[Date "2010.09.24"]
[Round "1"]
[White "Trumpf, Walter"]
[Black "Coppola, Federico"]
[Result "1-0"]
[WhiteElo "2060"]
[BlackElo "1590"]
[PlyCount "57"]
[EventDate "2010.09.24"]

1. d4 Nf6 2. Nc3 d5 3. e4 dxe4 4. f3 exf3 5. Nxf3 Bg4 6. h3 Bh5 7. g4 Bg6 8.
Ne5 Nbd7 9. Qf3 c6 10. Nxg6 hxg6 11. g5 Nh5 12. Bc4 e6 13. Rf1 Qe7 14. Bd2 Nb6
15. Bb3 Qd7 16. O-O-O O-O-O 17. Qxf7 Qxf7 18. Rxf7 Nd5 19. Re1 Rd7 20. Rf3 Re7
21. Ne4 b6 22. Nd6+ Kd7 23. Nf7 Rxf7 24. Rxf7+ Be7 25. c4 Nc7 26. d5 Ke8 27.
Rf3 c5 28. Bc2 exd5 29. Rfe3 1-0

[Event "I Weekend A"]
[Site "Biella ITA"]
[Date "2010.09.25"]
[Round "2"]
[White "Aghayev, Miragha"]
[Black "Monticone, Sonia"]
[Result "1-0"]
[WhiteElo "2101"]
[BlackElo "1827"]
[PlyCount "65"]
[EventDate "2010.09.24"]

1. e4 c5 2. Nf3 e6 3. d4 cxd4 4. Nxd4 a6 5. Bd3 Nf6 6. O-O Qc7 7. Kh1 Bc5 8.
Nb3 Be7 9. f4 d6 10. c4 Bd7 11. Nc3 Bc6 12. Nd4 Bd7 13. Be3 Nc6 14. Rc1 Nxd4
15. Bxd4 Bc6 16. Nd5 exd5 17. cxd5 Qd7 18. dxc6 bxc6 19. Bc2 Rc8 20. e5 dxe5
21. fxe5 Nd5 22. Bf5 Qd8 23. Bxc8 Qxc8 24. Qa4 O-O 25. Qxc6 Qd8 26. Bc5 Nb4 27.
Bxb4 Bxb4 28. Qxa6 Qg5 29. e6 f5 30. Rc8 h5 31. Qc4 Be7 32. Rxf8+ Kxf8 33. Qc8+
1-0

[Event "I Weekend A"]
[Site "Biella ITA"]
[Date "2010.09.25"]
[Round "2"]
[White "Avetta, Gianmario"]
[Black "Monzeglio, Graziella"]
[Result "1-0"]
[WhiteElo "1718"]
[BlackElo "1218"]
[PlyCount "46"]
[EventDate "2010.09.24"]

1. d4 f5 2. c4 Nf6 3. Nc3 e6 4. g3 Be7 5. Bg2 O-O 6. e3 c6 7. Qb3 d5 8. Nge2
Na6 9. O-O Rb8 10. Bd2 c5 11. cxd5 Nxd5 12. Nxd5 exd5 13. Bxd5+ Kh8 14. Rac1 b6
15. Bc3 Nc7 16. Bc4 Bb7 17. dxc5 Bxc5 18. Rfd1 Qg5 19. Rd7 Ne8 20. Nf4 Bd6 21.
Ne6 Qg4 22. Nxf8 Nf6 23. Bxf6 gxf6 1-0

[Event "I Weekend A"]
[Site "Biella ITA"]
[Date "2010.09.25"]
[Round "2"]
[White "Bazzeato, Stefano"]
[Black "Bardone, Lorenzo"]
[Result "1/2-1/2"]
[WhiteElo "2052"]
[BlackElo "1596"]
[PlyCount "54"]
[EventDate "2010.09.24"]

1. d4 d5 2. c4 c6 3. Nc3 Nf6 4. Nf3 a6 5. g3 b5 6. cxd5 cxd5 7. Bg2 Bb7 8. O-O
Nbd7 9. Bf4 Rc8 10. Qb3 e6 11. Ne5 Be7 12. Rfd1 O-O 13. h4 Nxe5 14. Bxe5 Nd7
15. Bf4 Nb6 16. Nb1 Nc4 17. Nd2 Bf6 18. a4 Na5 19. Qd3 bxa4 20. e3 Qb6 21. Rxa4
Bc6 22. Ra2 Bb5 23. Qa3 Nc4 24. Qb4 Nxd2 25. Qxd2 Bc4 26. Qa5 Qxa5 27. Rxa5 Be7
1/2-1/2

[Event "I Weekend A"]
[Site "Biella ITA"]
[Date "2010.09.25"]
[Round "2"]
[White "Briata, Federico"]
[Black "Maffeo, Mauro"]
[Result "1-0"]
[WhiteElo "1542"]
[BlackElo "1802"]
[PlyCount "137"]
[EventDate "2010.09.24"]

1. e4 e6 2. d4 d5 3. Nd2 Nf6 4. e5 Nfd7 5. c3 c5 6. Ne2 Nc6 7. Nf3 Be7 8. g3
cxd4 9. cxd4 f6 10. exf6 Nxf6 11. Bg2 O-O 12. O-O Ne4 13. Nc3 Nd6 14. b3 Bf6
15. Bb2 Nf5 16. Ne2 b6 17. Rc1 Qe8 18. Qc2 Bb7 19. Rfe1 Rc8 20. Qd2 Nd6 21. Nc3
Qf7 22. Kh1 Nf5 23. Ne2 Ba6 24. Nf4 Rfe8 25. Nh3 h6 26. Nhg1 Nd6 27. Ne2 Ne4
28. Qe3 Ne7 29. Bh3 Nf5 30. Bxf5 exf5 31. Ne5 Bxe5 32. dxe5 Bb7 33. Kg1 Ng5 34.
Nd4 Qh5 35. f4 Ne4 36. Qf3 Qg6 37. Rxc8 Rxc8 38. Rc1 Qe8 39. Qe3 Rxc1+ 40. Qxc1
Nc5 41. Nxf5 Nd3 42. Qc7 Qf8 43. Qxb7 Qxf5 44. Qxd5+ Kh7 45. Ba3 Ne1 46. Bb4
Nc2 47. Qd6 Qe4 48. Bd2 Nd4 49. Qd7 Ne2+ 50. Kf1 Nd4 51. Kg1 Nf3+ 52. Kf2 Nxd2
53. Qxd2 Qh1 54. Ke3 Qg1+ 55. Kf3 Qf1+ 56. Kg4 h5+ 57. Kh4 Qf3 58. Qc2+ g6 59.
Qc7+ Kh6 60. Qd7 Qe2 61. h3 Qe4 62. Qd8 Kh7 63. Qe7+ Kh6 64. Qf8+ Kh7 65. Qf7+
Kh6 66. Qg8 Qb7 67. Qh8+ Qh7 68. Qxh7+ Kxh7 69. Kg5 1-0

[Event "I Weekend A"]
[Site "Biella ITA"]
[Date "2010.09.25"]
[Round "2"]
[White "Castaldo, Antonio"]
[Black "Angelini, Marco"]
[Result "0-1"]
[WhiteElo "1705"]
[BlackElo "2163"]
[PlyCount "44"]
[EventDate "2010.09.24"]

1. Nf3 d5 2. g3 Nd7 3. Bg2 e5 4. d3 Ngf6 5. O-O Be7 6. Nbd2 O-O 7. e4 dxe4 8.
dxe4 c6 9. c3 Qc7 10. Qc2 b5 11. b4 a5 12. a3 axb4 13. cxb4 Bxb4 14. Bb2 Bd6
15. Rfe1 Re8 16. Rac1 Bb7 17. Rcd1 Bxa3 18. Nb1 Bf8 19. Rd2 b4 20. Red1 c5 21.
Bh3 Nb6 22. Bf1 Bxe4 0-1

[Event "I Weekend A"]
[Site "Biella ITA"]
[Date "2010.09.25"]
[Round "2"]
[White "Coppola, Federico"]
[Black "De Luca, Fabio"]
[Result "1/2-1/2"]
[WhiteElo "1590"]
[BlackElo "1803"]
[PlyCount "80"]
[EventDate "2010.09.24"]

1. e4 c5 2. Nc3 Nc6 3. Bc4 e6 4. f4 Nge7 5. d3 g6 6. Nf3 Bg7 7. e5 d5 8. exd6
Qxd6 9. Ne4 Qc7 10. O-O b6 11. Rb1 O-O 12. Bd2 Bb7 13. Bc3 Nd4 14. Nxd4 cxd4
15. Bb4 Rfd8 16. Bxe7 Qxe7 17. Qe1 Rac8 18. Bb3 a5 19. a4 Bc6 20. Rf2 Qd7 21.
Ra1 Qb7 22. Re2 Qc7 23. Qf2 Bd5 24. Bxd5 Rxd5 25. Rc1 Rf5 26. g3 e5 27. Rf1
exf4 28. gxf4 Qc6 29. b3 Rd5 30. Qg2 Rd7 31. Kh1 Rdc7 32. Rff2 h6 33. Kg1 f5
34. Ng3 Qxg2+ 35. Kxg2 Kf7 36. h4 h5 37. Nf1 Bf6 38. Kg3 Be7 39. Nh2 Ba3 40.
Nf3 Bc5 1/2-1/2

[Event "I Weekend A"]
[Site "Biella ITA"]
[Date "2010.09.25"]
[Round "2"]
[White "D'Agostino, Maurizio"]
[Black "Caprioglio, Riccardo"]
[Result "1-0"]
[WhiteElo "2004"]
[BlackElo "1560"]
[PlyCount "57"]
[EventDate "2010.09.24"]

1. d4 d5 2. Nf3 Nc6 3. c3 Bg4 4. Bf4 e6 5. Nbd2 Bd6 6. Bg3 Nge7 7. Qb3 b6 8. e4
dxe4 9. Nxe4 Bxg3 10. hxg3 Qd5 11. Qxd5 Nxd5 12. Bb5 Bxf3 13. Bxc6+ Ke7 14.
gxf3 Rad8 15. O-O-O f5 16. Ng5 h6 17. Nh3 Rd6 18. Bxd5 exd5 19. Rde1+ Kf6 20.
Re5 c5 21. Rhe1 g5 22. f4 g4 23. Ng1 cxd4 24. cxd4 Rc8+ 25. Kb1 Rdc6 26. Ne2
Rd6 27. Nc3 Rcd8 28. Re7 a6 29. Nxd5+ 1-0